00550 2200205 4500001002100000005001500021035002000036007000300056008004100059020002200100082000800122084001400130100001800144245006400162250001000226260002700236300003100263650002000294520003000314INLIS00000000000325320190605083217 a0010-0619000002ta190605 g 0 ind  a978-602-6348-03-6 a584 a584 PUP c0 aPUPUT, Astuti1 aCara Cepat Bisnis dan Usaha Berkebun Kelapa /cPuput Astuti acet.1 aDepok :bForest,c2016 a103 hlm. :bilus. ;c21 cm 4aTUMBUHAN.KELAPA aBibliografi: hlm. 102-103